| 000 | 00416nam a2200133 a 4500 | ||
|---|---|---|---|
| 001 | 000030442 | ||
| 005 | 20200930062320.0 | ||
| 008 | 110517s1905 dr 000 0 spa d | ||
| 040 |
_aDO-SdBNP _bspa _cBNPHU |
||
| 245 | 0 | 0 |
_aMinisterio de relaciones exteriores : _bservicios diplomático. |
| 260 |
_aSanto Domingo : _bImprenta GarcĂa Hermanos, _c1905. |
||
| 300 | _aUn ejemplar con varias paginaciones. | ||
| 049 | _aBNPD | ||
| 999 |
_c29934 _d29934 |
||